PHILOSOPHY A COMPLETE INTRODUCTION (Record no. 8093)

MARC details
000 -LEADER
fixed length control field 00422nam a22001697a 4500
005 - DATE AND TIME OF LATEST TRANSACTION
control field 20230111122215.0
008 - FIXED-LENGTH DATA ELEMENTS--GENERAL INFORMATION
fixed length control field 221217b |||||||| |||| 00| 0 eng d
020 ## - INTERNATIONAL STANDARD BOOK NUMBER
ISBN 978-14441-9013-7
041 ## - LANGUAGE CODE
Language code of text/sound track or separate title eng
082 ## - DEWEY DECIMAL CLASSIFICATION NUMBER
Classification number 121 KAY-P
100 ## - MAIN ENTRY--AUTHOR NAME
Personal name KAYE,SHARON
245 ## - TITLE STATEMENT
Title PHILOSOPHY A COMPLETE INTRODUCTION
260 ## - PUBLICATION, DISTRIBUTION, ETC. (IMPRINT)
Place of publication NEW DELHI
Name of publisher AFFILIATED EASTWEST PRESS
300 ## - PHYSICAL DESCRIPTION
Number of Pages 225;P.
650 ## - SUBJECT ADDED ENTRY--TOPICAL TERM
Topical Term LAW
942 ## - ADDED ENTRY ELEMENTS (KOHA)
Koha item type Books
Holdings
Lost status Damaged status Collection code Home library Current library Shelving location Date acquired Source of acquisition Cost, normal purchase price Full call number Accession Number Koha item type
    Reference JRU Library JRU Library SHELF-74-G 21/10/2022 LOHIA BOOK INTERNATIONAL 1470.00 121-KAY-P 27027 Books
    LAW JRU Library JRU Library SHELF-30-A 21/10/2022 LOHIA BOOK INTERNATIONAL 1470.00 121-KAY-P 27028 Books